Cost Management: Strategies for Business Decisions. (Record no. 2048)

MARC details
005 - DATE AND TIME OF LATEST TRANSACTION
control field 20250506143638.0
020 ## - INTERNATIONAL STANDARD BOOK NUMBER
International Standard Book Number 9780077132392
082 ## - DEWEY DECIMAL CLASSIFICATION NUMBER
Classification number 658.15 WOU
100 ## - MAIN ENTRY--PERSONAL NAME
Author name WOUTERS, M.
245 ## - TITLE STATEMENT
Title Cost Management: Strategies for Business Decisions.
260 ## - PUBLICATION, DISTRIBUTION, ETC.
Place of publication, distribution, etc. New York,
Name of publisher, distributor, etc. McGraw Hill,
Date of publication, distribution, etc. 2012.
300 ## - PHYSICAL DESCRIPTION
Extent xxx,865p.: ill.; picture
Other physical details Glossary & Index
Dimensions 27cm
700 ## - ADDED ENTRY--PERSONAL NAME
Other authors/Editors SELTO, F. H.
856 ## - ELECTRONIC LOCATION AND ACCESS
Link text Access Online Book
Electronic name Management
Path www..mcgraw-hill.co.uk
942 ## - ADDED ENTRY ELEMENTS (KOHA)
Source of classification or shelving scheme Dewey Decimal Classification
Koha item type Books
Holdings
Date last seen Total checkouts Full call number Barcode Cost, replacement price Price effective from Koha item type Lost status Source of classification or shelving scheme Damaged status Not for loan Withdrawn status Home library Current library Shelving location Date acquired Cost, normal purchase price
05/06/2025   658.15 WOU 0000007826 200814.00 05/06/2025 Books   Dewey Decimal Classification       College of Business Education Main Library College of Business Education Main Library General Collection 07/08/2016 66938.00
05/06/2025   658.15 WOU 0000007827 200814.00 05/06/2025 Books   Dewey Decimal Classification       College of Business Education Main Library College of Business Education Main Library General Collection 07/08/2016 66938.00